Statystyki dla Quiz o Belize

Kliknij tutaj aby rozwiązać quiz!

Ogólne statystyki

  • Ten quiz został rozwiązany 498 razy
  • Średni wynik to 11 z 16

Statystyki odpowiedzi

WskazókaOdpowiedź% Poprawnych
Państwa granicząceGwatemala
98%
Państwa granicząceMeksyk
98%
Drugi najczęściej używany językhiszpański
95%
Morze graniczące z BelizeMorze
{Karaibskie}
95%
Język oficjalnyangielski
92%
Państwo, od którego Belize uzyskało niepodległość w 1981 rWielka Brytania
88%
Starożytna cywilizacja znana z piramid, kalendarzy i pismaCywilizacja
{Majów}
87%
StolicaBelmopan
77%
Półwysep, na którym leżyJukatan
76%
Owoce, które stanowią 15% eksportu BelizeBanany
71%
WalutaDolar belizeński
71%
Najbardziej zaludnione miastoBelize City
50%
Gigantyczny lejek morski, który jest popularnym miejscem do nurkowaniaGreat {Blue}
Hole
41%
Rodzaj klęski żywiołowej, która wydarzyła się w 1961 roku, niszcząc tak
wiele budynków, że rząd Belize musiał przenieść
swoją stolicę w nowe miejsce
Cyklon tropikalny
38%
Belize jest szóste na świecie pod względem liczby _____Morderstw
35%
Druga najdłuższa rafa na świecie ____ znajduje się tuż przy wybrzeżu Belize{Rafa Koralowa}
Belize
35%

Rozkład punktacji

Percentyl według liczby udzielonych odpowiedzi

Procent ludzi z każdym wynikiem

Twoja historia wyników

Nie rozwiązałeś tego quizu